Statistics for Ed Sheeran Divide Album

Click here to take the quiz!

General Stats

  • This quiz has been taken 10 times
  • The average score is 10 of 16

Answer Stats

HintAnswer% Correct
/Shape of You
100%
/Supermarket Flowers
89%
/Castle on the Hill
78%
/Dive
78%
/Galway Girl
78%
/Nancy Mulligan
78%
/Perfect
78%
/Barcelona
56%
/Bibia Be Ye Ye
56%
/Eraser
56%
/Happier
56%
/New Man
56%
/Save Myself
44%
/What do I Know?
44%
/Hearts Don't Break Around Here
33%
/How would you Feel
33%

Score Distribution

Percentile by Number Answered

Percent of People with Each Score

Your Score History

You have not taken this quiz